Central Library OPAC University of Rajshahi

শ্যামলী নিসর্গ / (Record no. 53864)

MARC details
000 -LEADER
fixed length control field 00794nam a2200241 a 4500
001 - CONTROL NUMBER
control field 53864
003 - CONTROL NUMBER IDENTIFIER
rucl marc code BD-RjUL
005 - DATE AND TIME OF LATEST TRANSACTION
control field 20211209080031.0
008 - FIXED-LENGTH DATA ELEMENTS--GENERAL INFORMATION
fixed length control field 161027s1980 bg ||||| |||| 00| 0 ben d
020 ## - INTERNATIONAL STANDARD BOOK NUMBER
Terms of availability : TK 56.00
035 ## - SYSTEM CONTROL NUMBER
System control number (BD-RjUL)53986
040 ## - CATALOGING SOURCE
Original cataloging agency BD-RjUL
Language of cataloging ben
Transcribing agency BD-RjUL
041 ## - LANGUAGE CODE
Language code of text/sound track or separate title ben
082 ## - DEWEY DECIMAL CLASSIFICATION NUMBER
Edition number 23
Classification number 582.16
Author mark and year SHS 1980
100 ## - MAIN ENTRY--PERSONAL NAME
Personal name শর্মা, দ্বিজেন
9 (RLIN) 160895
245 10 - TITLE STATEMENT
Title শ্যামলী নিসর্গ /
Statement of responsibility, etc. দ্বিজেন শর্মা
250 ## - EDITION STATEMENT
Edition statement ১ম সং.
260 ## - PUBLICATION, DISTRIBUTION, ETC. (IMPRINT)
Place of publication, distribution, etc. ঢাকা :
Name of publisher, distributor, etc. বাংলা একাডেমী,
Date of publication, distribution, etc. ১৯৮০
300 ## - PHYSICAL DESCRIPTION
Pagination [৪০], ২৫০ পৃ. :
Illustrations চিত্র ;
Size ২৩ সেমি.
650 ## - SUBJECT ADDED ENTRY--TOPICAL TERM
Topical term or geographic name as entry element Trees
9 (RLIN) 160896
Topical term or geographic name as entry element গাছ
9 (RLIN) 157976
942 ## - ADDED ENTRY ELEMENTS (KOHA)
Source of classification or shelving scheme Dewey Decimal Classification
Koha item type Books
Holdings
Lost status Source of classification or shelving scheme Damaged status Not for loan Collection code Permanent Location Current Location Shelving location Date acquired Source of acquisition Cost, normal purchase price Total Checkouts Full call number Date last seen Copy number Koha item type
  Dewey Decimal Classification     Non-fiction Central Library, University of Rajshahi Central Library, University of Rajshahi   25/06/1990 Bangla Academy, Dhaka 56.00   B 582.16 SHS 1980 27/10/2016 C-2 Books
  Dewey Decimal Classification   Not For Loan Non-fiction Central Library, University of Rajshahi Central Library, University of Rajshahi Reading Room 14/03/1984 Bangla Academy, Dhaka 56.00   B 582.16 SHS 1980 02/05/2017 C-1 Books